01242nam a2200325Ia 4500001001200000003000800012006001900020007001500039008004100054020001800095020002600113040002100139035002100160050002400181245011200205260003600317300001600353504005100369533015200420650001900572650001400591650002000605650004700625650003200672655002900704700002300733710001700756856012600773999001700899ebr10348931CaPaEBRm o u cr cn|||||||||140723s2009 bcc sb 001 0 eng d z9780774815482 z9780774815505 (ebook) aCaPaEBRcCaPaEBR a(OCoLC)50307061714aT14.5b.E445 2009eb00aEmerging technologiesh[electronic resource] :bfrom hindsight to foresight /cedited by Edna F. Einsiedel. aVancouver :bUBC Press,cc2009. avii, 343 p. aIncludes bibliographical references and index. aElectronic reproduction.bPalo Alto, Calif. :cebrary,d2015.nAvailable via World Wide Web.nAccess may be limited to ebrary affiliated libraries. 0aBiotechnology. 0aGenomics. 0aNanotechnology. 0aTechnological innovationsxSocial aspects. 0aTechnologyxSocial aspects. 7aElectronic books.2local1 aEinsiedel, Edna F.2 aebrary, Inc.40uhttp://site.ebrary.com/lib/rucke/Doc?id=10348931zAn electronic book accessible through the World Wide Web; click to view c42203d42203